[Event "Hervest-Dorstener SK 1 - SV Wattenschei"]
[Site "Verbandsklasse - Gruppe 3 202"]
[Date "2022.05.22"]
[Round "9.4"]
[White "Buesken, Klaus"]
[Black "Schlee, Ulrich"]
[Result "1-0"]
[WhiteElo "1834"]
[BlackElo "1779"]
[PlyCount "77"]
[EventDate "2022.??.??"]
[WhiteTeam "Hervest-Dorstener SK 1"]
[BlackTeam "SV Wattenscheid 3"]

1. Nf3 d5 2. b3 Nf6 3. Bb2 e6 4. g3 Be7 5. Bg2 O-O 6. O-O c5 7. e3 b6 8. c4 Bb7
9. Ne5 Nc6 10. d4 Qc7 11. Nxc6 Bxc6 12. dxc5 bxc5 13. Nd2 d4 14. Bxc6 Qxc6 15.
exd4 cxd4 16. Bxd4 Rfd8 17. Be3 Rd3 18. Qf3 Qe8 19. Ne4 Rad8 20. Nxf6+ Bxf6 21.
Rad1 Qd7 22. Rxd3 Qxd3 23. Qb7 Bd4 24. Bxd4 Qxd4 25. Qc7 h5 26. h4 e5 27. Re1
e4 28. Qe7 Qd2 29. Rxe4 Rd7 30. Qe8+ Kh7 31. Re2 Qd1+ 32. Kg2 g6 33. Re7 Rxe7
34. Qxe7 Kg7 35. Qxa7 Qe2 36. Qd4+ Kf8 37. a4 Qc2 38. Qe3 Qf5 39. b4 1-0

[Event "Hervest-Dorstener SK 1 - SV Wattenschei"]
[Site "Verbandsklasse - Gruppe 3 202"]
[Date "2022.05.22"]
[Round "9.5"]
[White "Kotulla, Guenther"]
[Black "Nashir, Ramin"]
[Result "1/2-1/2"]
[WhiteElo "1717"]
[BlackElo "1555"]
[PlyCount "53"]
[EventDate "2022.??.??"]
[WhiteTeam "SV Wattenscheid 3"]
[BlackTeam "Hervest-Dorstener SK 1"]

1. e4 e6 2. d4 d5 3. exd5 exd5 4. Nf3 Bd6 5. Bd3 Nf6 6. O-O O-O 7. Bg5 Bg4 8.
Nbd2 Nbd7 9. c3 c6 10. Qc2 Qc7 11. Bf5 Bxf5 12. Qxf5 Rae8 13. Rfe1 h6 14. Bh4
g6 15. Qd3 Nh5 16. Nf1 f5 17. Bg3 Kg7 18. Bxd6 Qxd6 19. Re3 Rxe3 20. Qxe3 Nhf6
21. Ne5 Re8 22. f4 Ne4 23. Re1 g5 24. Nxd7 Qxd7 25. Nd2 g4 26. Nb3 b6 27. Nc1
1/2-1/2

[Event "Hervest-Dorstener SK 1 - SV Wattenschei"]
[Site "Verbandsklasse - Gruppe 3 202"]
[Date "2022.05.22"]
[Round "9.6"]
[White "Schmidt, Christian"]
[Black "Boehmfeldt, Rolf"]
[Result "0-1"]
[WhiteElo "1636"]
[BlackElo "1867"]
[PlyCount "68"]
[EventDate "2022.??.??"]
[WhiteTeam "Hervest-Dorstener SK 1"]
[BlackTeam "SV Wattenscheid 3"]

1. Nf3 g6 2. c4 Bg7 3. Nc3 c5 4. b3 Nc6 5. Bb2 d6 6. g3 e5 7. d3 Nge7 8. Bg2
O-O 9. O-O Rb8 10. a3 a6 11. e3 f5 12. Ng5 h6 13. Nh3 Kh7 14. f4 Be6 15. Qc2
Bg8 16. Nd5 Rc8 17. Rad1 Re8 18. Rfe1 Bf7 19. Bc3 Ng8 20. Qb2 Bh8 21. Nf2 Nge7
22. b4 cxb4 23. axb4 Nxd5 24. cxd5 Na7 25. Qd2 exf4 26. Bxh8 fxe3 27. Rxe3 Kxh8
28. Qb2+ Kg8 29. Rxe8+ Qxe8 30. Qd4 Nb5 31. Qf4 Nc3 32. Bf3 Nxd1 33. Nxd1 Qe1+
34. Kg2 Rc2+ 0-1

[Event "Hervest-Dorstener SK 1 - SV Wattenschei"]
[Site "Verbandsklasse - Gruppe 3 202"]
[Date "2022.05.22"]
[Round "9.7"]
[White "Hielscher, Fabian"]
[Black "Heiming, Thomas"]
[Result "1/2-1/2"]
[WhiteElo "1362"]
[BlackElo "1819"]
[PlyCount "54"]
[EventDate "2022.??.??"]
[WhiteTeam "SV Wattenscheid 3"]
[BlackTeam "Hervest-Dorstener SK 1"]

1. d4 d5 2. Nf3 Nf6 3. c4 c6 4. cxd5 cxd5 5. Nc3 Nc6 6. Bf4 a6 7. e3 e6 8. Bd3
Bd6 9. Bg5 b5 10. a3 Bd7 11. O-O h6 12. Bh4 g5 13. Bg3 Bxg3 14. fxg3 O-O 15.
Rc1 Ng4 16. Bb1 f5 17. Qd3 Nf6 18. Ba2 Be8 19. Nd2 Qd6 20. b4 Ne7 21. Nb3 Nd7
22. Nb1 Nb6 23. Nc5 Nc4 24. Nd2 Bg6 25. Nxc4 dxc4 26. Qe2 Kg7 27. Bb1 Rfb8
1/2-1/2

[Event "Hervest-Dorstener SK 1 - SV Wattenschei"]
[Site "Verbandsklasse - Gruppe 3 202"]
[Date "2022.05.22"]
[Round "9.8"]
[White "Heinrichs, Maximilian"]
[Black "Gallert, Marc"]
[Result "1/2-1/2"]
[WhiteElo "1822"]
[BlackElo "1122"]
[PlyCount "87"]
[EventDate "2022.??.??"]
[WhiteTeam "Hervest-Dorstener SK 1"]
[BlackTeam "SV Wattenscheid 3"]

1. e4 c5 2. Nf3 d6 3. d4 cxd4 4. Nxd4 Nf6 5. Nc3 a6 6. Bc4 g6 7. O-O Bg7 8. h3
O-O 9. Be3 Nc6 10. Qd2 Bd7 11. Rae1 Rb8 12. a4 Qa5 13. Nb3 Qc7 14. Bh6 Na5 15.
Nxa5 Qxa5 16. Bxg7 Kxg7 17. b3 b5 18. axb5 axb5 19. Bd3 Rfc8 20. Nb1 Qxd2 21.
Nxd2 Bc6 22. e5 dxe5 23. Rxe5 e6 24. Ra1 Nd5 25. c4 bxc4 26. Bxc4 Kf6 27. Ree1
Nb4 28. Ra7 Bd5 29. Ne4+ Kg7 30. Nd6 Rf8 31. Bxd5 Nxd5 32. Rxe6 Rxb3 33. Re5
Rb1+ 34. Kh2 Rd1 35. Rd7 Nb6 36. Nf5+ Kf6 37. Rxd1 Kxe5 38. Ne3 Ke6 39. Rb1 Nd7
40. Ng4 f5 41. Re1+ Kf7 42. Ne3 Nf6 43. Ra1 Rd8 44. Ra7+ 1/2-1/2

[Event "Stichkampf-Bochumer SV 2 - SV Ahlen 1"]
[Site "Stichkampf Verbandsliga 2021/"]
[Date "2022.11.12"]
[Round "1.2"]
[White "Wolter, Detlev"]
[Black "Torres-Kuckel, Rafael"]
[Result "1/2-1/2"]
[WhiteElo "2174"]
[BlackElo "2058"]
[PlyCount "80"]
[EventDate "2022.??.??"]
[WhiteTeam "Bochumer SV 2"]
[BlackTeam "SV Ahlen 1"]

1. d4 e6 2. e4 c5 3. d5 exd5 4. exd5 d6 5. Nc3 Nf6 6. Bb5+ Nbd7 7. a4 a6 8. Be2
Be7 9. Nf3 O-O 10. O-O Re8 11. Nd2 b6 12. Nc4 Rb8 13. Bf4 Nf8 14. Na3 Bb7 15.
Re1 Ng6 16. Bg3 Qd7 17. Bf3 Bf8 18. Qd2 Rxe1+ 19. Rxe1 Re8 20. Rd1 Rb8 21. h3
Ne8 22. Nc4 Qe7 23. h4 Bc8 24. Ne4 f6 25. h5 Ne5 26. Bxe5 fxe5 27. Ng5 h6 28.
Ne6 Qf7 29. Nd8 Qf6 30. Nc6 Rb7 31. Qe2 Qg5 32. Nd2 Rc7 33. Ne4 Qf5 34. Ng3 Qf4
35. b3 Be7 36. Nxe7+ Rxe7 37. Ne4 Bb7 38. Bg4 Qf8 39. c4 Kh8 40. Rd3 Rc7
1/2-1/2

[Event "Stichkampf-Bochumer SV 2 - SV Ahlen 1"]
[Site "Stichkampf Verbandsliga 2021/"]
[Date "2022.11.12"]
[Round "1.4"]
[White "Schäfers, Andreas"]
[Black "Volesky, Karl-Heinz"]
[Result "1/2-1/2"]
[WhiteElo "1998"]
[BlackElo "1970"]
[PlyCount "54"]
[EventDate "2022.??.??"]
[WhiteTeam "Bochumer SV 2"]
[BlackTeam "SV Ahlen 1"]

1. d4 Nf6 2. c4 e6 3. Nc3 Bb4 4. e3 c5 5. Nge2 cxd4 6. exd4 Ne4 7. Qd3 Nxc3 8.
Nxc3 O-O 9. a3 Be7 10. d5 d6 11. dxe6 fxe6 12. Be2 Nc6 13. O-O Bd7 14. Be3 Ne5
15. Qd4 Bc6 16. f4 Ng6 17. Bg4 e5 18. fxe5 dxe5 19. Qxd8 Rfxd8 20. Be6+ Kh8 21.
Nd5 Bd6 22. Rad1 Nf4 23. Nxf4 exf4 24. Bxf4 Bxf4 25. Rxd8+ Rxd8 26. Rxf4 g5 27.
Rg4 Rd1+ 1/2-1/2

[Event "Stichkampf-Bochumer SV 2 - SV Ahlen 1"]
[Site "Stichkampf Verbandsliga 2021/"]
[Date "2022.11.12"]
[Round "1.5"]
[White "Woestmann, Ulrich"]
[Black "Hinkmann, Jens"]
[Result "1/2-1/2"]
[WhiteElo "1993"]
[BlackElo "1993"]
[PlyCount "30"]
[EventDate "2022.??.??"]
[WhiteTeam "SV Ahlen 1"]
[BlackTeam "Bochumer SV 2"]

1. e4 c6 2. d4 d5 3. exd5 cxd5 4. Nf3 g6 5. c3 Bg7 6. Bf4 Nc6 7. Bd3 Nh6 8. O-O
f6 9. Re1 Nf7 10. c4 O-O 11. cxd5 Qxd5 12. Nc3 Qa5 13. Bc4 Bg4 14. h3 Bxf3 15.
Qxf3 Rad8 1/2-1/2

[Event "Stichkampf-Bochumer SV 2 - SV Ahlen 1"]
[Site "Stichkampf Verbandsliga 2021/"]
[Date "2022.11.12"]
[Round "1.6"]
[White "Goralski, Christian"]
[Black "Starp, Klaus"]
[Result "1-0"]
[WhiteElo "1942"]
[BlackElo "1912"]
[PlyCount "97"]
[EventDate "2022.??.??"]
[WhiteTeam "Bochumer SV 2"]
[BlackTeam "SV Ahlen 1"]

1. e4 c5 2. c3 d5 3. exd5 Qxd5 4. d4 Nc6 5. Nf3 Bg4 6. Be2 cxd4 7. cxd4 e6 8.
h3 Bb4+ 9. Nc3 Bh5 10. O-O Qa5 11. d5 Rd8 12. Bd2 exd5 13. Nd4 Bxe2 14. Qxe2+
Nge7 15. Nb3 Qb6 16. Na4 Qa6 17. Qxa6 bxa6 18. Bxb4 Nxb4 19. Rfd1 O-O 20. Nd4
Rc8 21. Nc3 Rc4 22. Rac1 Rfc8 23. a3 Nbc6 24. Nxd5 Rxc1 25. Rxc1 Nxd5 26. Rxc6
Nb6 27. b3 Rd8 28. Nf5 g6 29. Rd6 Re8 30. Ne3 Kf8 31. Kf1 Ke7 32. Rd3 Rc8 33.
Ke2 Rc1 34. a4 a5 35. Kd2 Ra1 36. Nd5+ Nxd5 37. Rxd5 Ra2+ 38. Kc3 Rxf2 39. Rxa5
Rxg2 40. Rxa7+ Ke6 41. a5 Rg3+ 42. Kc4 Rxh3 43. a6 Rh1 44. Ra8 Ra1 45. a7 Ke7
46. b4 h5 47. b5 h4 48. b6 h3 49. Rh8 1-0

[Event "Stichkampf-Bochumer SV 2 - SV Ahlen 1"]
[Site "Stichkampf Verbandsliga 2021/"]
[Date "2022.11.12"]
[Round "1.7"]
[White "Busche, Klaus"]
[Black "Peters, Olaf"]
[Result "1/2-1/2"]
[WhiteElo "1965"]
[BlackElo "1914"]
[PlyCount "83"]
[EventDate "2022.??.??"]
[WhiteTeam "SV Ahlen 1"]
[BlackTeam "Bochumer SV 2"]

1. d4 d5 2. Bf4 Nf6 3. e3 e6 4. Nd2 Bd6 5. Bg3 Bxg3 6. hxg3 Nbd7 7. g4 Nf8 8.
g5 Ne4 9. Nxe4 dxe4 10. Nh3 Bd7 11. Qd2 Qe7 12. O-O-O Bc6 13. Be2 O-O-O 14. Qa5
Kb8 15. c4 b6 16. Qc3 Ng6 17. Rd2 f5 18. Rhd1 a5 19. c5 Qd7 20. Kb1 Bb5 21. d5
Bxe2 22. Rxe2 Qb5 23. Red2 exd5 24. a4 Qc6 25. cxb6 Qxc3 26. bxc3 c6 27. c4 Rd6
28. cxd5 Rhd8 29. Rc2 cxd5 30. Rc5 Rxb6+ 31. Ka2 Ne7 32. Rxa5 Rc8 33. Rd2 Rc3
34. Rb5 Rxb5 35. axb5 Rc5 36. Rb2 Kb7 37. Nf4 Kb6 38. Ne6 Rxb5 39. Nxg7 Rxb2+
40. Kxb2 Kc5 41. Kc3 Kd6 42. g3 1/2-1/2

[Event "Bochumer SV 3 - SF Brackel 3"]
[Site "Stichkämpfe 2021/2022"]
[Date "2022.07.24"]
[Round "1.1"]
[White "Bree, Thomas"]
[Black "Birkemeyer, Jan"]
[Result "0-1"]
[WhiteElo "2070"]
[BlackElo "1802"]
[PlyCount "92"]
[EventDate "2022.??.??"]
[WhiteTeam "SF Brackel 3"]
[BlackTeam "Bochumer SV 3"]

1. d4 d5 2. c4 e6 3. Nf3 Nf6 4. Nc3 a6 5. cxd5 exd5 6. Qc2 h6 7. Bf4 Bd6 8. g3
Nc6 9. Rd1 O-O 10. Bg2 Re8 11. O-O Bxf4 12. gxf4 Ne7 13. Ne5 Nf5 14. Qb3 Ne7
15. Rd2 c6 16. Na4 Bf5 17. Nc5 b6 18. Na4 Ne4 19. Bxe4 Bxe4 20. f3 Bh7 21. Qxb6
Qc8 22. Rc1 Rb8 23. Qc5 Qh3 24. Qc3 Nf5 25. Rf1 Nh4 26. Rf2 Rbd8 27. Nc5 Rd6
28. Ncd3 Bxd3 29. exd3 Rxe5 30. dxe5 Rg6+ 31. Kh1 Nxf3 32. Qc1 Qg4 33. Rg2 Qxf4
34. Rxg6 fxg6 35. Rc2 Qxe5 36. Qf1 Nd4 37. Rg2 Kh7 38. Qf7 Qh5 39. Qf2 Qd1+ 40.
Rg1 Qxd3 41. Rf1 c5 42. Re1 a5 43. Kg2 Nf5 44. Re8 d4 45. Qe2 Ne3+ 46. Rxe3
Qxe3 0-1

[Event "Bochumer SV 3 - SF Brackel 3"]
[Site "Stichkämpfe 2021/2022"]
[Date "2022.07.24"]
[Round "1.2"]
[White "Hofer, Stefan"]
[Black "Althoff, Ralph"]
[Result "0-1"]
[WhiteElo "1800"]
[BlackElo "1953"]
[PlyCount "98"]
[EventDate "2022.??.??"]
[WhiteTeam "Bochumer SV 3"]
[BlackTeam "SF Brackel 3"]

1. e4 c5 2. Nf3 Nc6 3. d4 cxd4 4. Nxd4 g6 5. Nc3 Bg7 6. Be3 Nf6 7. Bc4 O-O 8.
Qd2 Ng4 9. Nxc6 bxc6 10. Bd4 Bxd4 11. Qxd4 Qb6 12. Qxb6 axb6 13. Be2 d6 14. h3
Nf6 15. O-O-O Be6 16. a3 Ra5 17. Rd2 Rfa8 18. Bf3 b5 19. e5 b4 20. Nb1 Nd5 21.
Rd4 dxe5 22. Bxd5 exd4 23. Bxe6 fxe6 24. axb4 Ra2 25. Re1 Kf7 26. Re4 Rd8 27.
Na3 Ra1+ 28. Kd2 Rd5 29. Nc4 Kf6 30. Nb6 Rd8 31. Nc4 Rb1 32. Rf4+ Kg7 33. Re4
Rf8 34. f3 Rg1 35. Rg4 Rf5 36. Na5 h5 37. Rg3 Rb1 38. Nxc6 Rxb2 39. Nxd4 Rxb4
40. Nxf5+ exf5 41. f4 Rxf4 42. Re3 Kf6 43. Kd3 Ra4 44. Re2 e5 45. c3 e4+ 46.
Ke3 Rc4 47. Kd2 Ke5 48. Kc2 f4 49. Kb3 Rc8 0-1

[Event "Bochumer SV 3 - SF Brackel 3"]
[Site "Stichkämpfe 2021/2022"]
[Date "2022.07.24"]
[Round "1.3"]
[White "Bense, Dirk"]
[Black "Abdullayev, Elchin"]
[Result "1-0"]
[WhiteElo "1990"]
[BlackElo "1887"]
[PlyCount "37"]
[EventDate "2022.??.??"]
[WhiteTeam "SF Brackel 3"]
[BlackTeam "Bochumer SV 3"]

1. e4 c5 2. Nf3 Nc6 3. d4 cxd4 4. Nxd4 Nf6 5. Nc3 a6 6. Nxc6 dxc6 7. Qxd8+ Kxd8
8. Be3 b5 9. f3 e5 10. a4 b4 11. O-O-O+ Kc7 12. Nb1 Be6 13. Nd2 Nd7 14. Bc4
Bxc4 15. Nxc4 f6 16. Rxd7+ Kxd7 17. Nb6+ Kc7 18. Nxa8+ Kb7 19. Nb6 1-0

[Event "Bochumer SV 3 - SF Brackel 3"]
[Site "Stichkämpfe 2021/2022"]
[Date "2022.07.24"]
[Round "1.4"]
[White "Fraenkel, Karlheinz"]
[Black "Truemper, Michael"]
[Result "0-1"]
[WhiteElo "1797"]
[BlackElo "1820"]
[PlyCount "86"]
[EventDate "2022.??.??"]
[WhiteTeam "Bochumer SV 3"]
[BlackTeam "SF Brackel 3"]

1. e4 e6 2. d4 d5 3. Nd2 Nf6 4. e5 Nfd7 5. c3 c5 6. Bd3 Nc6 7. Ne2 f6 8. f4
cxd4 9. cxd4 Qb6 10. Nf3 Be7 11. a3 a5 12. g3 g6 13. Kf1 Rf8 14. Kg2 Qd8 15.
Rf1 b6 16. Be3 Ba6 17. Bxa6 Rxa6 18. Qd3 Ra7 19. Rac1 Rc7 20. Nc3 Na7 21. Nb5
Nxb5 22. Qxb5 Kf7 23. g4 f5 24. h3 h6 25. Nd2 Qb8 26. Rxc7 Qxc7 27. Nf3 Rc8 28.
Rc1 Qb7 29. Rc3 Rxc3 30. bxc3 Bxa3 31. gxf5 gxf5 32. Kg3 Be7 33. Nd2 Qc8 34.
Kf3 Qb7 35. Ke2 Nb8 36. c4 Qa6 37. Qb3 a4 38. Qa2 Nc6 39. Kf3 Nb4 40. Qb1 dxc4
41. Kg3 c3 42. Qd1 cxd2 43. Qh5+ Kg7 0-1

[Event "Bochumer SV 3 - SF Brackel 3"]
[Site "Stichkämpfe 2021/2022"]
[Date "2022.07.24"]
[Round "1.5"]
[White "Strathoff, Dirk"]
[Black "Candogan, Yavus"]
[Result "1-0"]
[WhiteElo "1882"]
[BlackElo "1788"]
[PlyCount "59"]
[EventDate "2022.??.??"]

1. c4 c5 2. Nc3 Nc6 3. e3 e5 4. b3 Nf6 5. Bb2 Bd6 6. Rc1 O-O 7. Bd3 Bb8 8. Bb1
b6 9. Nge2 d5 10. cxd5 Nxd5 11. a3 Nce7 12. O-O a6 13. f4 exf4 14. Nxd5 Nxd5
15. e4 Nf6 16. Nxf4 Re8 17. Nh5 Bxh2+ 18. Kh1 Ng4 19. Qf3 Ra7 20. g3 Qxd2 21.
Bxg7 Qg5 22. Nf6+ Nxf6 23. Bxf6 Qxg3 24. Rg1 Bxg1 25. Rxg1 Qg6 26. e5 Bb7 27.
Be4 Bxe4 28. Qxe4 Rd7 29. Rxg6+ hxg6 30. Qh4 1-0

[Event "Bochumer SV 3 - SF Brackel 3"]
[Site "Stichkämpfe 2021/2022"]
[Date "2022.07.24"]
[Round "1.6"]
[White "Hartenberg, Yannick"]
[Black "Seref, Serkan"]
[Result "0-1"]
[WhiteElo "1658"]
[BlackElo "1702"]
[PlyCount "74"]
[EventDate "2022.??.??"]

1. e4 c5 2. Nc3 a6 3. Be2 e6 4. Nf3 Qc7 5. O-O b5 6. a3 Bb7 7. d3 Nc6 8. Be3
Nf6 9. h3 Be7 10. Qd2 Rc8 11. Rfe1 O-O 12. Bf1 Rfd8 13. Bf4 Qb6 14. Bg3 d6 15.
Rad1 Qa5 16. Qe3 b4 17. axb4 Nxb4 18. Ra1 Qc7 19. Qc1 Nc6 20. Ne2 Qb6 21. c3 e5
22. Nd2 Rb8 23. Nc4 Qc7 24. f4 Nh5 25. Bh2 exf4 26. Nxf4 Nf6 27. Ne3 Ne5 28.
Qd2 h6 29. c4 Qb6 30. Rab1 Qb3 31. Nfd5 Bxd5 32. Nxd5 Nxd5 33. exd5 Ng6 34. Be2
Bf6 35. Qc1 Ne5 36. Rd1 Rb4 37. Rd2 Bg5 0-1

[Event "Bochumer SV 3 - SF Brackel 3"]
[Site "Stichkämpfe 2021/2022"]
[Date "2022.07.24"]
[Round "1.7"]
[White "Tekin, Baran"]
[Black "Czarnetzki, Iori"]
[Result "1-0"]
[WhiteElo "1780"]
[BlackElo "1767"]
[PlyCount "89"]
[EventDate "2022.??.??"]

1. d4 Nf6 2. c4 g6 3. Nc3 Bg7 4. e4 d6 5. Be2 O-O 6. Nf3 e5 7. O-O Nc6 8. d5
Ne7 9. Ne1 Ne8 10. Be3 f5 11. f3 f4 12. Bf2 g5 13. b4 h5 14. c5 Nf6 15. cxd6
cxd6 16. Rc1 Ng6 17. Nb5 Rf7 18. Nxa7 Bd7 19. Qc2 Ne8 20. Bb5 g4 21. Bxd7 Rxd7
22. Nb5 g3 23. Ba7 Rxa7 24. Nxa7 Qb6+ 25. Kh1 Rc7 26. Nc6 bxc6 27. dxc6 Qxb4
28. Nd3 Qd4 29. Qb3+ Kf8 30. Rc4 Qa7 31. Ra4 Qe3 32. Re1 Qd2 33. Rc1 Ne7 34.
Rac4 Qe3 35. R4c3 Qa7 36. Nb4 Nf6 37. Qc4 gxh2 38. Qa6 Qxa6 39. Nxa6 Rc8 40. c7
d5 41. Nc5 d4 42. Rb3 Kf7 43. Nb7 Ke6 44. Rb6+ Kd7 45. Rd6+ 1-0

[Event "Bochumer SV 3 - SF Brackel 3"]
[Site "Stichkämpfe 2021/2022"]
[Date "2022.07.24"]
[Round "1.8"]
[White "Fresen, Hans-Juergen"]
[Black "Nguyen, Dang Khoa"]
[Result "1/2-1/2"]
[WhiteElo "1814"]
[BlackElo "1383"]
[PlyCount "62"]
[EventDate "2022.??.??"]

1. e4 e5 2. Nf3 Nc6 3. d4 exd4 4. c3 dxc3 5. Nxc3 Bb4 6. Bc4 h6 7. Qb3 Qe7 8.
O-O Na5 9. Qa4 Nxc4 10. Nd5 Nb6 11. Nxc7+ Kd8 12. Qc2 Rb8 13. Bf4 Bd6 14. Bxd6
Qxd6 15. Rac1 Ne7 16. Rfd1 Qf4 17. Nd4 Qe5 18. f4 Qa5 19. Qb3 d5 20. exd5 Nexd5
21. Nxd5 Nxd5 22. Nb5 Qb6+ 23. Kh1 Be6 24. f5 a6 25. fxe6 fxe6 26. Nc7 Qxb3 27.
axb3 Ke7 28. Nxd5+ exd5 29. Rxd5 Ke6 30. Rdc5 Rhf8 31. h3 Kd6 1/2-1/2